000 00934nam0a22002531 4500
001 rc\2769547
005 20250810043745.0
035 _a(NLR Aleph) 006895940
090 _a7196641
_c7196641
100 _a20110915d1941 u y0rusy50 ca
101 0 _arus
102 _aRU
105 _aa z |||||
200 1 _aЗа тузлукование кожевенного сырья
_fГ. С. Леенман
_gВсес. науч. инж.-тех. о-во пром-стей: кож., обув., мех. и кожзаменителей "ВНИТОКожобувмех"
210 _aМосква
_cБ. и.
_d1941
215 _a42 с.
_cил.
_d23 см.
700 1 _aЛеенман
_bГ.С.
_gГригорий Семенович
801 0 _aRU
_bNLR
_gpsbo
801 1 _aRU
_bELAR
_2rusmarc
852 _aNLR
_jТ60 Г-6/7
942 _cBOOK
945 _aРоссийская национальная библиотека
980 _aNB
980 _aBV